| 000 | 00482nam a2200181Ia 4500 | ||
|---|---|---|---|
| 008 | 230917s9999||||xx |||||||||||||| ||und|| | ||
| 020 | _cRS799 | ||
| 040 |
_e241629 _aMAIN |
||
| 041 | _aEnglish | ||
| 082 | _a510.2462 G869H(44) | ||
| 100 | _aGrewal, B S | ||
| 245 | 0 | _aHigher engineering mathematics | |
| 250 | _a44th ed. | ||
| 260 |
_aNew Delhi _bKhanna Publishers _c2017 |
||
| 300 | _aix, 1238 p. | ||
| 500 | _a2809 17/08/2017 HBD17/7038 21/08/2017 Main Budget | ||
| 942 | _cBK | ||
| 999 |
_c23523 _d23523 |
||